[Event "WYCC U16 Open 2019"]
[Site "Mumbai"]
[Date "2019.10.10"]
[Round "9.10"]
[White "Cardoso Cardoso, Jose Gabriel"]
[Black "Lumachi, Gabriele"]
[Result "1-0"]
[WhiteElo "2313"]
[BlackElo "2207"]
[Annotator "NA"]
[PlyCount "83"]
[EventDate "2019.10.02"]
[EventType "swiss"]
[EventCountry "IND"]
[SourceTitle "playchess.com"]
[Source "ChessBase"]
[SourceQuality "1"]
[TimeControl "40/5400+30:1800+30"]

1. d4 {[%emt 0:00:00]} d5 {[%emt 0:00:00]} 2. c4 {[%emt 0:00:00]} e6 {[%emt 0:00:00]} 3. Nc3 {[%emt 0:00:27]} Nf6 {[%emt 0:00:00]} 4. cxd5 {[%emt 0:00:46]} exd5 {[%emt 0:00:03]} 5. Bg5 {[%emt 0:00:06]} c6 {[%emt 0:00:21]} 6. e3 {[%emt 0:00:08]} Bd6 {[%emt 0:00:16]} 7. Bd3 {[%emt 0:01:11]} O-O {[%emt 0:00:28]} 8. Qc2 {[%emt 0:03:46]} h6 {[%emt 0:00:13]} 9. Bh4 {[%emt 0:00:06]} Re8 {[%emt 0:00:16]} 10. Nge2 {[%emt 0:05:14]} a5 {[%emt 0:00:16]} 11. h3 {[%emt 0:03:18]} Na6 {[%emt 0:00:14]} 12. a3 {[%emt 0:01:23]} Nc7 {[%emt 0:00:10]} 13. O-O {[%emt 0:12:50]} Ne6 {[%emt 0:00:06]} 14. Kh1 {[%emt 0:07:54]} Ng5 {[%emt 0:05:47]} 15. Rae1 {[%emt 0:07:14]} Bd7 {[%emt 0:04:03]} 16. Ng3 {[%emt 0:05:59]} Be7 {[%emt 0:13:14]} 17. f3 {[%emt 0:11:56]} b5 {[%emt 0:11:34]} 18. e4 {[%emt 0:08:39]} b4 {[%emt 0:01:32]} 19. Bxg5 {[%emt 0:14:15]} hxg5 {[%emt 0:09:19]} 20. axb4 {[%emt 0:00:31]} axb4 {[%emt 0:00:19]} 21. Nce2 {[%emt 0:01:17]} dxe4 {[%emt 0:09:48]} 22. fxe4 {[%emt 0:00:07]} Be6 {[%emt 0:03:30]} 23. Qxc6 {[%emt 0:02:32]} g4 {[%emt 0:09:32]} 24. h4 {[%emt 0:02:08]} Nd7 {[%emt 0:04:45]} 25. h5 {[%emt 0:07:56]} Bh4 {[%emt 0:01:24]} 26. Qd6 {[%emt 0:00:57]} Be7 {[%emt 0:05:32]} 27. Qf4 {[%emt 0:00:11]} Bg5 {[%emt 0:00:06]} 28. Qf2 {[%emt 0:00:26]} Bb3 {[%emt 0:11:03]} 29. Nc1 {[%emt 0:02:19]} Bxc1 {[%emt 0:03:20]} 30. Rxc1 {[%emt 0:00:01]} Qh4+ {[%emt 0:01:40]} 31. Kg1 {[%emt 0:00:02]} Nf6 {[%emt 0:00:17]} 32. Rc5 {[%emt 0:00:49]} Rad8 {[%emt 0:01:09]} 33. Rb5 {[%emt 0:01:16]} Be6 {[%emt 0:01:33]} 34. Rc1 {[%emt 0:00:41]} Rc8 {[%emt 0:01:26]} 35. Rf1 {[%emt 0:00:06]} b3 {[%emt 0:01:12]} 36. d5 {[%emt 0:00:43]} Bd7 {[%emt 0:01:15]} 37. Rxb3 {[%emt 0:00:16]} Re5 {[%emt 0:00:07]} 38. Rb7 {[%emt 0:00:30]} Rd8 {[%emt 0:01:48]} 39. Qf4 {[%emt 0:00:29]} Rde8 {[%emt 0:00:58]} 40. b4 {[%emt 0:00:59]} Bc8 {[%emt 0:00:36]} 41. Rb8 {[%emt 0:03:52]} R5e7 {[%emt 0:02:19]} 42. Rxc8 {[%emt 0:01:02]} 1-0

[Event "WYCC U16 Open 2019"]
[Site "Mumbai"]
[Date "2019.10.10"]
[Round "9.11"]
[White "Soham Kamotra"]
[Black "Turgut, Aydin"]
[Result "1-0"]
[WhiteElo "2091"]
[BlackElo "2281"]
[Annotator "NA"]
[PlyCount "113"]
[EventDate "2019.10.02"]
[EventType "swiss"]
[EventCountry "IND"]
[SourceTitle "playchess.com"]
[Source "ChessBase"]
[SourceQuality "1"]
[TimeControl "40/5400+30:1800+30"]

1. Nf3 Nf6 2. c4 e6 3. e3 d5 4. b3 b6 5. Bb2 Bb7 6. Nc3 Nbd7 7. cxd5 exd5 8. d4 Bd6 9. Bd3 a6 10. O-O O-O 11. Qc2 Qe7 12. Rfd1 Rfe8 13. Rac1 Ne4 14. Bf1 f5 15. g3 c6 16. Bh3 Rf8 17. Nh4 g6 18. Ne2 Rae8 19. Nf4 Qf7 20. Nd3 Nef6 21. Bg2 Qe6 22. Nf3 Ne4 23. Nfe5 g5 24. f3 Nef6 25. Re1 c5 26. f4 g4 27. Qc3 Bxe5 28. fxe5 Ne4 29. Bxe4 fxe4 30. Nf4 Rxf4 31. exf4 Rf8 32. Ba3 Rc8 33. Qe3 c4 34. f5 Qxf5 35. Rf1 Qg6 36. Rf4 b5 37. Rcf1 a5 38. Rf5 h6 39. Bc1 cxb3 40. axb3 Rc6 41. Qf4 Bc8 42. Bd2 a4 43. bxa4 bxa4 44. Bb4 e3 45. Qxe3 Ba6 46. R1f2 Rb6 47. Bd6 Rb3 48. Qf4 Be2 49. Rf8+ Kh7 50. Qf7+ Qxf7 51. R8xf7+ Kg6 52. Rxd7 Bd3 53. Rf6+ Kg5 54. Be7 Kh5 55. Rdd6 Kg5 56. Rxd5 Rb7 57. e6+ 1-0

[Event "WYCC U16 Open 2019"]
[Site "Mumbai"]
[Date "2019.10.10"]
[Round "9.12"]
[White "Mis, Mieszko"]
[Black "Hilwerda, Jonas"]
[Result "1-0"]
[WhiteElo "2345"]
[BlackElo "2229"]
[Annotator "NA"]
[PlyCount "141"]
[EventDate "2019.10.02"]
[EventType "swiss"]
[EventCountry "IND"]
[SourceTitle "playchess.com"]
[Source "ChessBase"]
[SourceQuality "1"]
[TimeControl "40/5400+30:1800+30"]

1. d4 Nf6 2. c4 g6 3. g3 Bg7 4. Bg2 O-O 5. Nc3 d6 6. Nf3 Nc6 7. O-O e5 8. h3 Nd7 9. d5 Ncb8 10. e4 a5 11. Ne1 Na6 12. Nd3 Ndc5 13. Be3 f5 14. exf5 gxf5 15. f4 Nxd3 16. Qxd3 Qe8 17. Kh2 Qh5 18. a3 b6 19. fxe5 Bxe5 20. Bf4 Nc5 21. Qc2 Bd7 22. b3 Rae8 23. b4 Ne4 24. Bxe5 Rxe5 25. Nxe4 fxe4 26. Rxf8+ Kxf8 27. Qf2+ Kg8 28. Qe3 Qg5 29. Qxg5+ Rxg5 30. bxa5 bxa5 31. Re1 Bf5 32. Bxe4 Bxe4 33. Rxe4 c6 34. dxc6 Rc5 35. Re8+ Kf7 36. Rh8 Ke6 37. Re8+ Kf7 38. Re4 Rxc6 39. Kg2 Rb6 40. Kf3 Rb1 41. Rf4+ Ke6 42. Rh4 Rc1 43. Rh6+ Kf5 44. Rh5+ Kg6 45. Rxa5 Rxc4 46. Ra6 Rc3+ 47. Ke4 Rxg3 48. Rxd6+ Kg5 49. Rd3 Rg1 50. Kd4 h5 51. Kc4 Kh4 52. a4 Ra1 53. Kb4 Rb1+ 54. Rb3 Rf1 55. a5 Rf4+ 56. Kb5 Rf5+ 57. Ka4 Rf6 58. Rc3 Rf4+ 59. Kb5 Rf5+ 60. Kb4 Rf6 61. Ra3 Rf5 62. a6 Rf7 63. a7 Rxa7 64. Rxa7 Kxh3 65. Rg7 h4 66. Kc3 Kh2 67. Kd2 h3 68. Ke2 Kh1 69. Kf3 h2 70. Re7 Kg1 71. Re1# 1-0

[Event "WYCC U16 Open 2019"]
[Site "Mumbai"]
[Date "2019.10.10"]
[Round "9.13"]
[White "Ammar, Sedrani"]
[Black "Stork, Oliver"]
[Result "1-0"]
[WhiteElo "2053"]
[BlackElo "2314"]
[Annotator "ChessBase"]
[PlyCount "74"]
[EventDate "2019.10.02"]
[EventType "swiss"]
[EventCountry "IND"]
[SourceTitle "playchess.com"]
[Source "ChessBase"]
[SourceQuality "1"]
[TimeControl "40/5400+30:1800+30"]

1. d4 {[%emt 0:00:29]} Nf6 {[%emt 0:00:00]} 2. Bg5 {[%emt 0:00:21]} e6 {[%emt 0:00:00]} 3. e3 {[%emt 0:00:05]} c5 {[%emt 0:00:00]} 4. c3 {[%emt 0:00:22]} b6 {[%emt 0:00:29]} 5. Nd2 {[%emt 0:00:21]} Bb7 {[%emt 0:00:12]} 6. Ngf3 {[%emt 0:00:16]} Be7 {[%emt 0:00:09]} 7. Bd3 {[%emt 0:00:14]} Nc6 {[%emt 0:00:11]} 8. a3 {[%emt 0:03:24]} d5 {[%emt 0:02:24]} 9. Ne5 {[%emt 0:01:44]} Nxe5 {[%emt 0:04:12]} 10. dxe5 {[%emt 0:00:42]} Nd7 {[%emt 0:00:11]} 11. Bxe7 {[%emt 0:12:48]} Qxe7 {[%emt 0:00:06]} 12. f4 {[%emt 0:01:01]} O-O-O {[%emt 0:10:27]} 13. Nf3 {[%emt 0:02:25]} h6 {[%emt 0:13:54]} 14. Qe2 {[%emt 0:13:29]} g5 {[%emt 0:15:28]} 15. O-O-O {[%emt 0:02:06]} f6 {[%emt 0:09:49]} 16. Bb5 {[%emt 0:09:00]} f5 {[%emt 0:05:42]} 17. g3 {[%emt 0:16:13]} Rhg8 {[%emt 0:03:43]} 18. Rhg1 {[%emt 0:00:56]} Nb8 {[%emt 0:03:50]} 19. Bd3 {[%emt 0:06:46]} Nc6 {[%emt 0:00:49]} 20. Kb1 {[%emt 0:02:32]} Kb8 {[%emt 0:03:53]} 21. h4 {[%emt 0:07:24]} gxh4 {[%emt 0:07:12]} 22. Nxh4 {[%emt 0:01:39]} c4 {[%emt 0:04:21]} 23. Bc2 {[%emt 0:00:32]} Rg4 {[%emt 0:01:28]} 24. Bxf5 {[%emt 0:01:56]} exf5 {[%emt 0:06:40]} 25. Nxf5 {[%emt 0:00:04]} Qf8 {[%emt 0:00:22]} 26. Qxg4 {[%emt 0:00:38]} Bc8 {[%emt 0:00:04]} 27. e4 {[%emt 0:01:00]} dxe4 {[%emt 0:00:33]} 28. Qg6 {[%emt 0:00:39]} Bxf5 {[%emt 0:02:50]} 29. Qxc6 {[%emt 0:00:03]} e3+ {[%emt 0:01:56]} 30. Kc1 {[%emt 0:00:05]} Bd3 {[%emt 0:00:38]} 31. Rge1 {[%emt 0:03:19]} e2 {[%emt 0:00:40]} 32. Rd2 {[%emt 0:00:01]} h5 {[%emt 0:02:14]} 33. Qf3 {[%emt 0:00:16]} Qe8 {[%emt 0:00:09]} 34. Rdxe2 {[%emt 0:00:44]} Qa4 {[%emt 0:00:51]} 35. e6 {[%emt 0:01:19]} Kc7 {[%emt 0:01:11]} 36. Rd2 {[%emt 0:02:02]} Bf5 {[%emt 0:00:41]} 37. Qe3 {[%emt 0:00:56]} Rd5 {[%emt 0:00:00]} 1-0

[Event "WYCC U16 Open 2019"]
[Site "Mumbai"]
[Date "2019.10.10"]
[Round "9.14"]
[White "Wachinger, Nikolas"]
[Black "Skurniak, Szymon"]
[Result "1-0"]
[WhiteElo "2297"]
[BlackElo "1997"]
[Annotator "NA"]
[PlyCount "115"]
[EventDate "2019.10.02"]
[EventType "swiss"]
[EventCountry "IND"]
[SourceTitle "playchess.com"]
[Source "ChessBase"]
[SourceQuality "1"]
[TimeControl "40/5400+30:1800+30"]

1. e4 c5 2. Nf3 d6 3. d4 cxd4 4. Nxd4 Nf6 5. Nc3 Nc6 6. Bg5 Qb6 7. Nb3 e6 8. Qd2 Be7 9. O-O-O O-O 10. Kb1 Rd8 11. h4 d5 12. exd5 Nxd5 13. Nxd5 Rxd5 14. Bd3 a5 15. c4 Rd7 16. Bxe7 Rxe7 17. c5 Qc7 18. Bb5 Bd7 19. Qd6 Be8 20. Nd2 Nb4 21. Bxe8 Raxe8 22. Nc4 h5 23. Rc1 Rd8 24. a3 Nc6 25. Qxc7 Rxc7 26. Rhd1 Rd5 27. Rxd5 exd5 28. Nd6 Ne5 29. Rd1 Rxc5 30. Nxb7 Rb5 31. Nd6 Rc5 32. b4 axb4 33. axb4 Rc3 34. Kb2 Rc6 35. Rxd5 f6 36. Kb3 Kf8 37. b5 Rc1 38. f4 Nd7 39. Nc4 Ke7 40. Rxh5 Ke6 41. Ne3 Rb1+ 42. Kc2 Rb4 43. g3 g6 44. Rd5 f5 45. Kc3 Re4 46. Kd2 Rxe3 47. Rxd7 Rb3 48. Rb7 Rxg3 49. b6 Kd5 50. Rg7 Kd4 51. h5 Rd3+ 52. Ke2 Re3+ 53. Kf2 Rh3 54. b7 Rb3 55. h6 Ke4 56. h7 Kxf4 57. h8=Q Rb2+ 58. Ke1 1-0

[Event "WYCC U16 Open 2019"]
[Site "Mumbai"]
[Date "2019.10.10"]
[Round "9.15"]
[White "Raahul V S"]
[Black "McGowan, Cameron"]
[Result "1/2-1/2"]
[WhiteElo "2262"]
[BlackElo "2221"]
[Annotator "NA"]
[PlyCount "102"]
[EventDate "2019.10.02"]
[EventType "swiss"]
[EventCountry "IND"]
[SourceTitle "playchess.com"]
[Source "ChessBase"]
[SourceQuality "1"]
[TimeControl "40/5400+30:1800+30"]

1. c4 {[%emt 0:00:00]} Nf6 {[%emt 0:00:00]} 2. Nc3 {[%emt 0:00:00]} g6 {[%emt 0:00:00]} 3. e4 {[%emt 0:00:03]} d6 {[%emt 0:00:00]} 4. d4 {[%emt 0:00:04]} Bg7 {[%emt 0:00:00]} 5. Be2 {[%emt 0:00:10]} O-O {[%emt 0:00:00]} 6. Nf3 {[%emt 0:00:12]} Na6 {[%emt 0:00:07]} 7. O-O {[%emt 0:01:38]} e5 {[%emt 0:00:04]} 8. dxe5 {[%emt 0:08:55]} dxe5 {[%emt 0:00:08]} 9. Be3 {[%emt 0:00:03]} Ng4 {[%emt 0:05:51]} 10. Bg5 {[%emt 0:00:07]} f6 {[%emt 0:00:53]} 11. Bd2 {[%emt 0:00:08]} c6 {[%emt 0:08:02]} 12. Qc1 {[%emt 0:01:35]} f5 {[%emt 0:11:31]} 13. exf5 {[%emt 0:05:14]} gxf5 {[%emt 0:02:56]} 14. h3 {[%emt 0:03:42]} e4 {[%emt 0:00:33]} 15. hxg4 {[%emt 0:00:23]} exf3 {[%emt 0:00:08]} 16. gxf3 {[%emt 0:01:13]} fxg4 {[%emt 0:07:57]} 17. fxg4 {[%emt 0:00:42]} Qh4 {[%emt 0:02:48]} 18. Bg5 {[%emt 0:04:41]} Qh3 {[%emt 0:01:37]} 19. Qe3 {[%emt 0:00:40]} Bxg4 {[%emt 0:01:17]} 20. Qxh3 {[%emt 0:02:48]} Bxh3 {[%emt 0:00:04]} 21. Rfe1 {[%emt 0:01:26]} Bd4 {[%emt 0:15:53]} 22. Bh4 {[%emt 0:01:30]} Rae8 {[%emt 0:10:36]} 23. Bh5 {[%emt 0:04:27]} Re6 {[%emt 0:04:51]} 24. Rad1 {[%emt 0:07:46]} Bf6 {[%emt 0:09:54]} 25. Rxe6 {[%emt 0:11:12]} Bxe6 {[%emt 0:00:05]} 26. Bxf6 {[%emt 0:00:04]} Rxf6 {[%emt 0:00:18]} 27. Ne4 {[%emt 0:01:41]} Rh6 {[%emt 0:02:31]} 28. b3 {[%emt 0:00:35]} Rxh5 {[%emt 0:08:50]} 29. Nf6+ {[%emt 0:00:08]} Kf8 {[%emt 0:00:07]} 30. Nxh5 {[%emt 0:00:04]} Bg4 {[%emt 0:00:01]} 31. Rd8+ {[%emt 0:00:26]} Ke7 {[%emt 0:00:04]} 32. Ra8 {[%emt 0:00:38]} Bxh5 {[%emt 0:00:09]} 33. Rxa7 {[%emt 0:00:02]} Nc5 {[%emt 0:01:50]} 34. b4 {[%emt 0:00:08]} Nd7 {[%emt 0:00:14]} 35. Rxb7 {[%emt 0:00:02]} Bf7 {[%emt 0:00:48]} 36. c5 {[%emt 0:02:05]} Bxa2 {[%emt 0:04:41]} 37. b5 {[%emt 0:00:18]} Ke6 {[%emt 0:01:21]} 38. Ra7 {[%emt 0:07:41]} Bd5 {[%emt 0:01:15]} 39. b6 {[%emt 0:00:10]} Nxc5 {[%emt 0:00:08]} 40. b7 {[%emt 0:00:02]} Nxb7 {[%emt 0:01:28]} 41. Rxb7 {[%emt 0:30:01]} Be4 {[%emt 0:30:29]} 42. Kf1 {[%emt 0:02:26]} c5 {[%emt 0:00:00]} 43. Rc7 {[%emt 0:00:00]} Kd6 {[%emt 0:00:00]} 44. Rc8 {[%emt 0:00:00]} Bf5 {[%emt 0:00:00]} 45. Rf8 {[%emt 0:00:00]} Ke5 {[%emt 0:00:00]} 46. Ke2 {[%emt 0:00:00]} c4 {[%emt 0:00:00]} 47. Ke3 {[%emt 0:00:00]} c3 {[%emt 0:00:00]} 48. f4+ {[%emt 0:00:00]} Ke6 {[%emt 0:00:00]} 49. Rc8 {[%emt 0:00:00]} c2 {[%emt 0:00:00]} 50. Kd2 {[%emt 0:00:00]} Kf7 {[%emt 0:00:00]} 51. Rxc2 {[%emt 0:00:00]} Bxc2 {[%emt 0:00:00]} 1/2-1/2

[Event "WYCC U16 Open 2019"]
[Site "Mumbai"]
[Date "2019.10.10"]
[Round "9.16"]
[White "Isfan, Ioan-Marius"]
[Black "Akshit Kumar J"]
[Result "0-1"]
[WhiteElo "2206"]
[BlackElo "1912"]
[Annotator "NA"]
[PlyCount "102"]
[EventDate "2019.10.02"]
[EventType "swiss"]
[EventCountry "IND"]
[SourceTitle "playchess.com"]
[Source "ChessBase"]
[SourceQuality "1"]
[TimeControl "40/5400+30:1800+30"]

1. d4 d5 2. Nf3 Nf6 3. c4 c6 4. Qb3 dxc4 5. Qxc4 Bf5 6. g3 e6 7. Bg2 Nbd7 8. O-O Be7 9. Nc3 O-O 10. Re1 Ne4 11. Qb3 Qb6 12. Qxb6 axb6 13. Nxe4 Bxe4 14. Ne5 Nxe5 15. Bxe4 Nc4 16. a3 b5 17. Rb1 Rfd8 18. e3 e5 19. dxe5 Nxe5 20. Kf1 b4 21. axb4 Bxb4 22. Re2 Rd1+ 23. Kg2 Nd3 24. Bxd3 Rxd3 25. Rc2 Rd1 26. e4 Ra2 27. Kf3 c5 28. Ke2 Re1+ 29. Kd3 b5 30. Re2 c4+ 31. Ke3 Rd1 32. f4 h5 33. e5 Bc5+ 34. Ke4 c3 35. Kf3 b4 36. bxc3 Rf1+ 37. Kg2 Rg1+ 38. Kf3 Rf1+ 39. Kg2 Rg1+ 40. Kf3 b3 41. Rxa2 bxa2 42. Ra1 Ba3 43. Rxa2 Bxc1 44. c4 Re1 45. c5 Re3+ 46. Kg2 Rc3 47. Ra8+ Kh7 48. Rc8 Kg6 49. Rc6+ Kf5 50. Rc7 Ke6 51. Kh3 Bxf4 0-1

[Event "WYCC U16 Open 2019"]
[Site "Mumbai"]
[Date "2019.10.11"]
[Round "10.1"]
[White "Niemann, Hans Moke"]
[Black "Daghli, Arash"]
[Result "0-1"]
[WhiteElo "2439"]
[BlackElo "2387"]
[Annotator "NA"]
[PlyCount "92"]
[EventDate "2019.10.02"]
[EventType "swiss"]
[EventCountry "IND"]
[SourceTitle "playchess.com"]
[Source "ChessBase"]
[SourceQuality "1"]
[TimeControl "40/5400+30:1800+30"]

1. d4 {[%emt 0:00:00]} Nf6 {[%emt 0:00:00]} 2. c4 {[%emt 0:00:00]} g6 {[%emt 0:00:00]} 3. Nc3 {[%emt 0:00:00]} Bg7 {[%emt 0:00:05]} 4. e4 {[%emt 0:00:00]} d6 {[%emt 0:00:09]} 5. Be2 {[%emt 0:00:00]} O-O {[%emt 0:00:10]} 6. Nf3 {[%emt 0:00:00]} e5 {[%emt 0:00:22]} 7. O-O {[%emt 0:00:00]} Nc6 {[%emt 0:00:11]} 8. d5 {[%emt 0:00:03]} Ne7 {[%emt 0:00:09]} 9. b4 {[%emt 0:00:04]} a5 {[%emt 0:00:24]} 10. bxa5 {[%emt 0:00:04]} c5 {[%emt 0:00:11]} 11. a4 {[%emt 0:00:01]} Ne8 {[%emt 0:01:27]} 12. Ra3 {[%emt 0:00:43]} h6 {[%emt 0:03:55]} 13. Ne1 {[%emt 0:00:08]} f5 {[%emt 0:02:57]} 14. Bd2 {[%emt 0:00:10]} Nf6 {[%emt 0:01:33]} 15. f3 {[%emt 0:00:06]} f4 {[%emt 0:00:19]} 16. Nd3 {[%emt 0:00:07]} g5 {[%emt 0:00:06]} 17. Nf2 {[%emt 0:01:12]} h5 {[%emt 0:00:30]} 18. h3 {[%emt 0:00:04]} Ng6 {[%emt 0:00:05]} 19. Qb3 {[%emt 0:06:46]} Ra6 {[%emt 0:00:18]} 20. Rb1 {[%emt 0:01:06]} Rf7 {[%emt 0:00:02]} 21. Qd1 {[%emt 0:00:35]} Bf8 {[%emt 0:00:58]} 22. Rb6 {[%emt 0:05:13]} Rxa5 {[%emt 0:01:23]} 23. Rb5 {[%emt 0:00:27]} Ra7 {[%emt 0:16:26]} 24. a5 {[%emt 0:01:27]} Rg7 {[%emt 0:00:54]} 25. Na4 {[%emt 0:01:29]} Bd7 {[%emt 0:00:08]} 26. Rb2 {[%emt 0:03:11]} Nh8 {[%emt 0:06:16]} 27. Nb6 {[%emt 0:03:41]} Be8 {[%emt 0:00:01]} 28. Kf1 {[%emt 0:11:41]} Nf7 {[%emt 0:00:02]} 29. Bc3 {[%emt 0:02:23]} Nh6 {[%emt 0:02:46]} 30. Ke1 {[%emt 0:03:38]} g4 {[%emt 0:11:05]} 31. Kd2 {[%emt 0:00:26]} gxh3 {[%emt 0:00:46]} 32. gxh3 {[%emt 0:00:12]} Nh7 {[%emt 0:00:16]} 33. Qf1 {[%emt 0:04:47]} Be7 {[%emt 0:00:15]} 34. Kc2 {[%emt 0:02:45]} Bh4 {[%emt 0:00:10]} 35. Nd3 {[%emt 0:00:06]} Nf7 {[%emt 0:00:06]} 36. Kb3 {[%emt 0:03:10]} Nf8 {[%emt 0:01:37]} 37. Bd1 {[%emt 0:03:46]} Nd7 {[%emt 0:01:34]} 38. Ka2 {[%emt 0:05:35]} Nxb6 {[%emt 0:00:47]} 39. Rxb6 {[%emt 0:00:05]} Bd7 {[%emt 0:07:30]} 40. Qe2 {[%emt 0:20:15]} Rg1 {[%emt 0:06:42]} 41. Qc2 {[%emt 0:40:02]} Bxh3 {[%emt 0:32:27]} 42. Rb2 {[%emt 0:00:11]} Bc8 {[%emt 0:01:49]} 43. Be2 {[%emt 0:03:15]} Bg3 {[%emt 0:01:06]} 44. Rb1 {[%emt 0:00:25]} Rxb1 {[%emt 0:00:20]} 45. Qxb1 {[%emt 0:00:03]} h4 {[%emt 0:00:13]} 46. Qh1 {[%emt 0:00:16]} h3 {[%emt 0:01:16]} 0-1

[Event "WYCC U16 Open 2019"]
[Site "Mumbai"]
[Date "2019.10.11"]
[Round "10.2"]
[White "Makarian, Rudik"]
[Black "Harshavardhan G B"]
[Result "1-0"]
[WhiteElo "2386"]
[BlackElo "2362"]
[Annotator "NA"]
[PlyCount "79"]
[EventDate "2019.10.02"]
[EventType "swiss"]
[EventCountry "IND"]
[SourceTitle "playchess.com"]
[Source "ChessBase"]
[SourceQuality "1"]
[TimeControl "40/5400+30:1800+30"]

1. c4 Nf6 2. Nc3 e5 3. e3 Nc6 4. a3 a5 5. Nf3 d6 6. d3 g6 7. Be2 Bg7 8. O-O O-O 9. Qc2 Be6 10. Bd2 Nd7 11. Nd5 a4 12. Bc3 Nc5 13. Nb4 Na5 14. Rad1 b5 15. Nd2 bxc4 16. dxc4 Ncb3 17. Bf3 Bf5 18. Be4 Nxd2 19. Bxd2 Bxe4 20. Qxe4 Qd7 21. Bc3 Qf5 22. Qxf5 gxf5 23. c5 dxc5 24. Nd5 e4 25. Nxc7 Ra7 26. Nb5 Bxc3 27. Nxc3 Nc4 28. Rd5 Rc8 29. Rb1 Rb8 30. Rxf5 Nd2 31. Rd1 Rxb2 32. Rxc5 Ra6 33. Rd5 Nc4 34. R5d4 Nxa3 35. Rxe4 Rf6 36. Rf1 Rc2 37. Nd5 Ra6 38. Nb4 Ra5 39. Nxc2 Nxc2 40. Rc4 1-0

[Event "WYCC U16 Open 2019"]
[Site "Mumbai"]
[Date "2019.10.11"]
[Round "10.3"]
[White "Aronyak Ghosh"]
[Black "Kushagra Mohan"]
[Result "1/2-1/2"]
[WhiteElo "2380"]
[BlackElo "2309"]
[Annotator "TA"]
[PlyCount "36"]
[EventDate "2019.10.02"]
[EventType "swiss"]
[EventCountry "IND"]
[SourceTitle "playchess.com"]
[Source "ChessBase"]
[SourceQuality "1"]

{[%evp 9,36,14,27,13,30,35,35,38,45,34,36,0,0,-3,-3,-21,0,-18,50,-25,0,-10,50,-22,0,-9,56,-10,0]} 1. d4 Nf6 2. Nf3 g6 3. Nbd2 d5 4. b4 Bg7 5. e3 O-O $146 (5... a5 6. b5 c5 7. bxc6 Nxc6 8. Be2 O-O 9. O-O Bf5 10. c3 Qc7 11. a4 e5 12. Ba3 Rfc8 13. Rc1 {½-½ (25) Aronian,L (2765)-Vachier Lagrave,M (2778) Saint Louis 2019}) 6. Bb2 {D02: 1 d4 d5 2 Nf3 sidelines, including 2...Nf6 3 g3 and 2...Nf6 3 Bf4} Bf5 7. c4 c6 8. a4 {White is slightly better.} a5 9. b5 cxb5 10. cxb5 Nbd7 11. Be2 Rc8 12. Qb3 Bc2 13. Qa3 Bf5 (13... Nb6 $11) 14. Qb3 ({Better is} 14. O-O $14) 14... Bc2 15. Qa3 Bf5 (15... Nb6 $11) 16. Qb3 (16. O-O $14) 16... Bc2 17. Qa3 Bf5 ({Black should try} 17... Nb6 $11) 18. Qb3 (18. O-O $1 $14) 18... Bc2 {Accuracy: White = 24%, Black = 12%.} 1/2-1/2

[Event "WYCC U16 Open 2019"]
[Site "Mumbai"]
[Date "2019.10.11"]
[Round "10.4"]
[White "Pogosyan, Stefan"]
[Black "Bilych, Olexiy"]
[Result "1-0"]
[WhiteElo "2364"]
[BlackElo "2281"]
[Annotator "NA"]
[PlyCount "68"]
[EventDate "2019.10.02"]
[EventType "swiss"]
[EventCountry "IND"]
[SourceTitle "playchess.com"]
[Source "ChessBase"]
[SourceQuality "1"]
[TimeControl "40/5400+30:1800+30"]

1. d4 Nf6 2. Nf3 b6 3. g3 Bb7 4. Bg2 e6 5. O-O Be7 6. c4 O-O 7. Re1 Ne4 8. Nfd2 d5 9. Nc3 f5 10. Ndxe4 dxe4 11. f3 Bf6 12. Be3 Nc6 13. d5 Na5 14. fxe4 Nxc4 15. Bf4 Qe7 16. Qb3 exd5 17. exd5 Qc5+ 18. Kh1 Bxc3 19. Qxc3 Bxd5 20. b3 Nd6 21. Qxc5 Bxg2+ 22. Kxg2 bxc5 23. Rac1 Ne4 24. Bxc7 Rac8 25. Bf4 Kf7 26. Rc4 Ke6 27. Rec1 Rc6 28. g4 g6 29. gxf5+ gxf5 30. Kf3 Rg8 31. Be3 Rg4 32. Ra4 a6 33. Bf4 h6 34. Rxe4+ Kd5 1-0

[Event "WYCC U16 Open 2019"]
[Site "Mumbai"]
[Date "2019.10.11"]
[Round "10.5"]
[White "Moksh Amit Doshi"]
[Black "Raja Rithvik R"]
[Result "1/2-1/2"]
[WhiteElo "2328"]
[BlackElo "2369"]
[Annotator "TA"]
[PlyCount "58"]
[EventDate "2019.10.02"]
[EventType "swiss"]
[EventCountry "IND"]
[SourceTitle "playchess.com"]
[Source "ChessBase"]
[SourceQuality "1"]

{[%evp 9,58,-7,-17,-11,-13,-14,0,0,7,-4,13,6,6,0,20,8,20,42,52,6,27,28,18,22,62,7,6,0,0,0,0,0,0,0,0,0,0,0,0,0,0,0,0,0,0,0,0,0,0,0,0]} 1. d4 Nf6 2. c4 e6 3. Nc3 Bb4 4. f3 c5 5. d5 b5 6. e4 {E20: Nimzo-Indian: 4 g3 and 4 f3} O-O $146 (6... d6 7. Nge2 bxc4 8. Nf4 Bxc3+ 9. bxc3 e5 10. Ne2 Nh5 11. h4 Nd7 12. g4 Qf6 13. Kf2 Nf4 14. Nxf4 exf4 {0-1 (36) Kravtsiv,M (2644)-Moiseenko,A (2640) Kiev 2018}) 7. Nh3 (7. e5 {is more complex.} Ne8 8. f4 exd5 9. cxd5 d6 10. Nf3) 7... bxc4 8. Bxc4 Nxd5 9. Bxd5 exd5 10. Qxd5 Ba6 11. Bf4 Nc6 {[%cal Bb8c6,Bc6d4,Bd4b3][%mdl 32]} 12. Kf2 Qb6 13. Rhd1 Nd4 14. a3 Bxc3 15. bxc3 Qb2+ 16. Bd2 Bb7 17. Qd6 ({Reject} 17. Qxc5 Nb3 $15) (17. Qxd7 Rad8 $17) (17. Qa2 $1 $14 Qxa2 18. Rxa2) 17... Nb3 $1 $11 {[%cal Rb3a1] The position is equal.} 18. Rab1 Qxa3 19. Bh6 {[#] Strongly threatening Qg3!} Qa2+ ({Much weaker is} 19... gxh6 $6 20. Qxh6 Qa6 21. Qxa6 $16) 20. Kg3 Bc6 21. Nf4 f6 {Hoping for ...Rf7.} ({Don't blunder} 21... gxh6 $2 22. Qf6 $18) 22. Nh5 $40 {[%mdl 128] Black needs to defend precisely.} gxh6 23. Kh3 $1 Rf7 {[#] White must now prevent ...Raf8.} 24. Nxf6+ Kg7 25. Nh5+ $1 Kg8 26. Nf6+ Kg7 27. Nh5+ $1 Kg8 28. Nf6+ Kg7 29. Nh5+ $1 Kg8 {Accuracy: White = 67%, Black = 82%.} 1/2-1/2

[Event "WYCC U16 Open 2019"]
[Site "Mumbai"]
[Date "2019.10.11"]
[Round "10.6"]
[White "Soto, Miguel Angel"]
[Black "Cardoso Cardoso, Jose Gabriel"]
[Result "0-1"]
[WhiteElo "2283"]
[BlackElo "2313"]
[Annotator "NA"]
[PlyCount "70"]
[EventDate "2019.10.02"]
[EventType "swiss"]
[EventCountry "IND"]
[SourceTitle "playchess.com"]
[Source "ChessBase"]
[SourceQuality "1"]
[TimeControl "40/5400+30:1800+30"]

1. c4 e6 2. g3 d5 3. Bg2 Nf6 4. Nf3 dxc4 5. Qa4+ Nbd7 6. Qxc4 a6 7. d3 b5 8. Qc6 Rb8 9. Qc2 Bb7 10. O-O Bd6 11. a4 c5 12. Nbd2 O-O 13. b3 Qb6 14. Bb2 Bc6 15. axb5 axb5 16. e4 Be7 17. Rae1 Rfd8 18. Kh1 Rbc8 19. Re2 Bb7 20. Ne1 Nb8 21. f4 Nc6 22. Qb1 Nd4 23. Bxd4 cxd4 24. h3 Rc3 25. Ref2 Rdc8 26. Qd1 Rc1 27. Qe2 Bb4 28. g4 Qa5 29. Kh2 Qa3 30. Nef3 R8c2 31. Rxc1 Qxc1 32. Qf1 Qb2 33. Qd1 Qa2 34. Kg3 Rb2 35. Bf1 Bc3 0-1